000 00356nam a2200145Ia 4500
008 230917s9999||||xx |||||||||||||| ||und||
040 _e220362
_aMAIN
041 _aEnglish
082 _a515.7 G875A
100 _aGriffel, D H
245 0 _aApplied functional analysis
260 _aMineola
_bDover Publications
_c1985
300 _a386 p.
942 _cBK
999 _c168050
_d168050